| 000 | 00678nam a2200217 a 4500 | ||
|---|---|---|---|
| 005 | 20240228063849.0 | ||
| 008 | 031027s2001 mx r 000 0 spa d | ||
| 020 | _a8495040921 | ||
| 035 | _aUPN01000130430 | ||
| 049 | _aI | ||
| 050 | 4 |
_aND160 _bN6.3 |
|
| 100 | 1 | _aNortheast, Brenda V. | |
| 245 | 1 | 0 |
_aClaude : _bcon amor / _cBrenda V. Northeast ; tr. Miguel Angel Mendo. |
| 260 |
_aBarcelona, Esp. : _bSerres, _c2001. |
||
| 300 |
_a[26] p. : _bprincipalmente il. col. |
||
| 534 |
_pTraducción de: _tFor the love of Claude |
||
| 650 | 4 | _aPINTURA MODERNA | |
| 650 | 4 |
_aLibros y lectura para niños _92290 |
|
| 600 | 1 | 4 |
_aMONET, CLAUDE, _d1840-1926 _912994 |
| 905 | _aInfantil | ||
| 999 |
_c102587 _d102587 |
||